000 00635nam a22001817a 4500
005 20250109114450.0
010 _aENG-143262
020 _a9789392210310
_c1195.00
035 _aEN-126794
037 _bDBAD
082 _a355.00954
100 _aVerma, Shiv Kunal
_976194
245 _aYodha:
_bIllustrated Military History Of India The Epics Bce To The Uprising 1857/
_cBy Shiv Kunal Verma
260 _aChandigarh
_bJGS Enterprises Pvt. Ltd
_c2024
270 _aSCO 14-15, FF, Sector 8-C
_bChandigarh
_e160009
_mservice@thebrowser.org
300 _a421p.
_c23cm(pb)
_bill. Col.
942 _2ddc
_cEN
_mVER
_h355.00954
999 _c208258
_d208258